| 000 | 00675 a2200181 4500 | ||
|---|---|---|---|
| 003 | Nust | ||
| 005 | 20170207153154.0 | ||
| 040 | _cNust | ||
| 082 | _a005.8 | ||
| 100 | _aNaureen, Ayesha ( MSIS-4) | ||
| 245 |
_aA secure end -to- end public key architecture for wireless sensor networks _cAyesha Naureen |
||
| 260 |
_bMCS (NUST) _cFebruary, 2008 _aRawalpindi |
||
| 300 | _axii, 78, p. | ||
| 505 | _aIntroduction (page-1) Architecture definition (page-16) End-to-End Communication scenarios (page-25) Architecture implementation (page-41) Architecture evaluations (page-53) Conclusions (page-71) | ||
| 538 | _aAlmirah No. 70 Shelf No. 4 | ||
| 650 | _aPG Thesis | ||
| 651 | _aMSIS-4 | ||
| 942 | _cTHS | ||
| 999 |
_c180695 _d180695 |
||